书目信息 |
| 题名: |
体育博彩概论
|
|
| 作者: | 李海 编著 | |
| 分册: | ||
| 出版信息: | 上海 复旦大学出版社 2004 |
|
| 页数: | 230页 | |
| 开本: | 23cm | |
| 丛书名: | 博学·体育经济管理丛书 | |
| 单 册: | ||
| 中图分类: | G80-05 | |
| 科图分类: | ||
| 主题词: | 体育--彩票--基本知识 , 体育--关系 | |
| 电子资源: | ||
| ISBN: | 7-309-04183-6 | |
| 000 | 00873oam2 2200289 45 | |
| 001 | 060000016654 | |
| 005 | 20051213112737.89 | |
| 010 | @a7-309-04183-6@dCNY24.00 | |
| 092 | @aCN | |
| 100 | @a20041222d2004 ekmy0chiy0120 ea | |
| 101 | 0 | @achi |
| 102 | @aCN@b310000 | |
| 105 | @ak az 000yy | |
| 200 | 1 | @a体育博彩概论@9ti yu bo cai gai lun@f李海编著@Fli hai bian zhu |
| 210 | @a上海@c复旦大学出版社@d2004 | |
| 215 | @a230页@d23cm | |
| 225 | 2 | @a博学·体育经济管理丛书 |
| 320 | @a有书目 | |
| 330 | @a本书全面介绍体育彩票知识,结合案例系统地讲述体育博采的概念,其彩票的沿革,彩票的经济功能,足球彩票知识等。 | |
| 410 | 0 | @12001 @a博学·体育经济管理丛书 |
| 606 | 0 | @a体育@x彩票@x基本知识 |
| 606 | 0 | @a体育@x关系 |
| 690 | @aG80-05@v4 | |
| 701 | 0 | @a李海@Ali hai@4编著 |
| 801 | 0 | @aCN@bCXYBOOK@c20051213 |
| 905 | @a10447@dG80-05@e154 | |
| 999 | @aHSJ@eDF | |
| 体育博彩概论/李海编著.-上海:复旦大学出版社,2004 |
| 230页;23cm.-(博学·体育经济管理丛书) |
| ISBN 7-309-04183-6:CNY24.00 |
| 本书全面介绍体育彩票知识,结合案例系统地讲述体育博采的概念,其彩票的沿革,彩票的经济功能,足球彩票知识等。 |
| ● |
| 相关链接 |
|
|
|
|
正题名:体育博彩概论
索取号:G80-05/154
 
预约/预借
| 序号 | 登录号 | 条形码 | 馆藏地/架位号 | 状态 | 备注 |
| 1 | 0371204 | 203712045 | 第一样本阅览室/ [索取号:G80-05/154] | 在馆 | |
| 2 | 0371205 | 203712054 | 第四借阅区/ [索取号:G80-05/154] | 在馆 | |
| 3 | 0371206 | 203712063 | 第四借阅区/ [索取号:G80-05/154] | 在馆 | |
| 4 | 0371207 | 203712072 | 第四借阅区/ [索取号:G80-05/154] | 在馆 |